000 00582nam a2200241 a 4500
001 nice12345678
003 IN_TiNIC
005 20260116013936.0
008 050524s1998 dela grp 000 0 eng
020 _a
_c695
082 0 0 _a823
_bRAO
100 _aRao, P V Narsimha
245 _aInsider
260 _aDelhi
_bViking Penguin Books
_c1998
300 _a767p
500 _aincludes index and biblioraphy
505 2 _aAppendix, Bibliography, Index
650 _aEnglish-Fiction
700 1 _aRao, P V Narsimha
902 _bSRS
942 _cBK
999 _c13207
_d13207